000 00707nam a2200181Ia 4500
008 151202s9999||||xx |||||||||||||| ||und||
082 _bPNVM-39409
100 _aराय सत्यजित अनु.गिते विलास.
245 _aविषय चलध्त्रि.
260 _bसाकेत प्रकाशन औरंगाबाद.
260 _c0
300 _a188
600 _aराय सत्यजित अनु.गिते विलास.
630 _aविषय चलध्त्रि.
700 _aराय सत्यजित अनु.गिते विलास.
730 _aविषय चलध्त्रि.
942 _cBOOK
999 _c1305361
_d1305358